Statistiques concernant Les épisodes de What The Cut

Cliquez ici pour prendre le quiz!

Statistiques générales

  • Ce quiz a été pris 5 fois
  • Le résultat moyen est 5 sur 38

Statistiques - réponses

ÉpisodeTitre% Correct
#25Enfance, Masque et Cuisine
67%
#1Menaces, Subwoofer et Chevaux
67%
#2Anniversaire, Viagra et Morsay
33%
#4Belge, Singe et Bisous
33%
#11Chèvre, un Chiot et ma Bite
33%
#20Dubstep, un Cri et un Goth
33%
#22Du Kung-fu, des Arbres et du Pipi
33%
#16Du Maïs, des Céréales et Marc-Édouard
33%
#36Jesus, Hiver et Pacifique
33%
#29Michel, l'Allemagne et des Murs
33%
#32Patate, Pelle et Piano
33%
#28Photobomb, un Groupe et la Déviance
33%
#27Quenouilles, Adieu et la Chose
33%
#37Temple, Cérémonie et Cosmos
33%
#10Amour, Jongleur et un Émeu
0%
#30Ballons, Tango et un Concert
0%
#38Chat qui rote
0%
#3Chien, Canards et Tapis Volant
0%
#25Cigarette, un Savant et Bonsoir
0%
#6Créature, Chorégraphie et des Russes
0%
#15De la Boue, un Trombone et du Rap
0%
#33Dents, Bateau et Génie
0%
#13Des Briques, du Sexe et du Lourd
0%
#19Du Porc, un Puceau et du Caca
0%
#18Du Verre, Kévin Prototype et un Coussin
0%
#9Larmes, Aventure et le Japon
0%
#34Liquide, Maire et Poney
0%
#26Métro, Ah-Ah et une Soirée de Folie
0%
#12Nicki Minaj, Caniche et Course-Poursuite
0%
#24Nourriture, Annonce et Documentaire
0%
#31Poteau, Pinceau et l'Aventurier
0%
#5Séducteur, Chanteur et Publicité
0%
#7Un Clash, un Clip et du Beurre
0%
#23Une Douche, du Manque et un Cahier
0%
#14Une Porte, un Batteur et un Pirate
0%
#21Une Voix, le Brésil et 2016
0%
#17Un Invité, de la Peinture et ma Chatte
0%
#8Yoga, Surprise et de l'Art
0%

Distribution des résultats

Percentile par nombre de réponses

% des personnes avec chaque résultat

Votre développement - résultats

Vous n’avez pas pris ce quiz